Joueurs du PSG (version difficile) - Mort subite - Statistiques

Statistiques générales
  • Ce quiz a été pris 378 fois
  • Le résultat moyen est 10 sur 20
Answers on the Grid
Answers color-coded by a green-red scale on the quiz's grid according to % correct below.
Lovro Majer
Yacine Adli
Yannick Boli
Yohan Cabaye
Youssouf Fofana
Garissone Innocent
Grzegorz Krychowiak
Tyler Adams
Colin Dagba
Timothée Pembélé
Habib Diarra
Nenê
Kevin Gameiro
Ylber Ramadani
Kenny Nagera
Jonathan Bamba
Lucas Digne
Antoine Bernède
Leon Bailey
Ritsu Doan
Eric-Junior Dina-Ebimbe
Ceará
Krepin Diatta
Ayman Kari
Georginio Wijnaldum
Bandiougou Fadiga
Yangel Herrera
Abdou Diallo
Ilyes Housni
El Chadaille Bitshiabu
 
Statistiques - réponses
Réponse % Correct
Yohan Cabaye
82%
Colin Dagba
74%
Nenê
73%
Grzegorz Krychowiak
72%
Lucas Digne
71%
Timothée Pembélé
69%
Kevin Gameiro
68%
Georginio Wijnaldum
62%
Yacine Adli
62%
Abdou Diallo
55%
Ilyes Housni
48%
El Chadaille Bitshiabu
46%
Eric-Junior Dina-Ebimbe
45%
Ayman Kari
34%
Ceará
27%
Garissone Innocent
27%
Yannick Boli
26%
Bandiougou Fadiga
22%
Antoine Bernède
20%
Kenny Nagera
18%
Aucun quiz correspondant
Distribution des résultats
% des personnes avec chaque résultat
Percentile par nombre de réponses
Votre historique - résultats
Vous n’avez pas pris ce quiz